Učebné osnovy Občianska výchova pre 6. až 9. ročník základnej školy

Bibliographic Details
Corporate Author: Slovenská republika Ministerstvo školstva (Author)
Format: Book
Language:Slovak
PhysicalDescription:16 s. 21 cm
Published: Bratislava Slovenské pedagogické nakladateľstvo [1997]
ISBN:8008026588
Subjects:

MARC

LEADER 00000nam a2200000 a 4500
001 vtls001300727
003 SK-MaSNL
005 20260301113734.0
008 251124s1997 xo r 0 00 slo
015 |a SNBA1998/0100219 
020 |a 8008026588 
035 |a SNK000252729 
035 |a urn:nbn:sk:snk-am3h7dg 
035 |a B911A3C0-C817-4BD9-B4BB-1AD48EB86E59 
035 |a urn:nbn:sk:snk-am0014cu 
040 |a SNK  |b slo  |c SNK  |e AACR2 
041 0 |a slo 
044 |a xo  |c SK 
080 |a 371.214.112:372.832(073)  |2 1981 
080 |a 372.832(073)  |2 1981 
110 0 |a Slovenská republika  |b Ministerstvo školstva  |4 aut  |9 288935 
245 1 0 |a Učebné osnovy Občianska výchova pre 6. až 9. ročník základnej školy  |c Ministerstvo školstva Slovenskej republiky 
260 |a Bratislava  |b Slovenské pedagogické nakladateľstvo  |c [1997] 
300 |a 16 s.  |c 21 cm 
650 0 7 |a občianska náuka  |2 SNKPH  |9 207230 
650 0 7 |a základné školy  |2 SNKPH  |9 1280 
655 7 |a učebné osnovy  |2 SNKPH  |9 60479 
919 |a 80-08-02658-8 
958 |a TL 
958 |a BQ 
999 |c 715549  |d 717479 
952 |t P60, <03>, [BOOK], {603}  |a SNK  |b SNK  |y PREZ  |7 0  |p 17A0088718  |o snkSC 94001  |i snkKSP 9315/97  |0 0  |1 0  |4 0  |d 1997-09-03  |f 1  |l 0  |r 2025-09-11 00:00:00  |w 2026-02-23 
952 |t P60, <09>, [BOOK], {629}  |a SNK  |b SNK  |y NEVYP  |7 0  |o snkC 2174  |i snk4333/970925  |0 0  |1 0  |4 0  |d 1997-09-03  |l 0  |r 2005-01-02 00:00:00  |w 2026-02-23 
952 |t P60, <04>, [BOOK], {604}  |a SNK  |b SNK  |y VYP  |7 0  |p 17A0088719  |o snkSC 94001 D1  |i snkKSP 9316/97  |0 0  |1 0  |4 0  |d 1997-09-03  |l 0  |r 2005-01-02 00:00:00  |w 2026-02-23